000 00608nam a22001817a 4500
003 CEME
005 20210628201744.0
008 210204b xxu||||| |||| 00| 0 eng d
020 _a1-58053-725-1
040 _c.
082 _a621.3813 KIN
100 _aKinayman, Noyan ,Aksun, M.I
_956678
245 _aModern microwave circuits
260 _aBOSTON
_bARTECH HOUSE
_c2005
300 _aXIV,604P
650 _aMICROWAVE CIRCUITS.MICROWAVE NETWORK THEORY.MICROWAVE PRINTED CIRCUITS.MICROSTRIP PATCH ANTENNAS.MICROSTRIP COUPLED LINES.MICROSTRIP FILTERS.MICROWAVE LUMPED ELEMENTS
_956679
942 _cBK
_2ddc
999 _c567049
_d567049